MDQL
is popping MORE tags! Check the
thread
!
Quizzes
Events
Quiz Creation
Community
Videos
Private Events
Remove Ads
Sign In
Join for FREE
Feedback
Dark Mode
Quiz Categories
Sports
Geography
Music
Movies
Television
Just For Fun
Miscellaneous
History
Literature
Language
Science
Gaming
Entertainment
Religion
Holiday
For Kids
Quiz Lab
Recent
Popular Today
Quiz Kudos Today
Editor Picks
Curator Picks
Quizzes by...
Day
Popularity
Type
Ratings
Length
Year
Community
Subscriptions
Recent Discussions
Orange Saloon
Badges
Playlists
Quests
Create
Leaderboards
Showdown
Live 5
Trivia Bingo
Activity
Puzzle Library
Sporcle Events
Private Events
Virtual Trivia
Globe League
Become a Host
Pub Owners
SporcleCon
Opinionation
Our Games
Videos
Blog
Mobile Apps
Partnerships
Remove Ads and Go Orange
Feedback
Sports
Athletes
MLB
NBA
NHL
NFL
Soccer
Sports Teams
WWE
NCAA
Football
Premier League
Basketball
Baseball
Hockey
Golf
Tennis
Cricket
Rugby
Auto Racing
Olympics
World Cup
Sports
Athletes
MLB
NBA
NHL
NFL
Soccer
Sports Teams
WWE
NCAA
Football
Premier League
Basketball
Baseball
Hockey
Golf
Tennis
Cricket
Rugby
Auto Racing
Olympics
World Cup
Random Quiz
Search Sporcle
×
Quiz Lab
Quiz Lab
Sports
Wrestling Champions
Type in answers that appear in a list
Type in answers that appear in a list
Classic
Best Score? Go Orange.
Most Successful IWGP Title Defenses (1987-2016) Stats
Can you name the Most Successful IWGP Title Defenses (1987-2016)?
By
Kawada
10m
27 Questions
158 Plays
158 Plays
158 Plays
Comments
Comments
Give Quiz Kudos
Give Quiz Kudos
-
- Ratings
hide this ad
More Info
Replay
Link that replays current quiz
Next Quiz
Link to next quiz in quiz playlist
You Got
0%
They Got
Avg Score
63%
Avg Friend Score
Upgrade to see
Score Distribution
Jump to the score distribution portion of the page
Score
0/27
Timer
10:00
0
Plays Today
Hint
Answer
% Correct
14
Kazuchika Okada
96.2%
28
Hiroshi Tanahashi
95.6%
9
Shinsuke Nakamura
87.3%
3
AJ Styles
84.8%
19
Keiji Muto
84.2%
4
Antonio Inoki
81%
3
Brock Lesnar
79.1%
2
Hiroyoshi Tenzan
77.8%
1
Tetsuya Naito
77.8%
4
Big Van Vader
74.1%
2
Satoshi Kojima
70.9%
13
Tatsumi Fujinami
68.4%
0
Masahiro Chono
68.4%
12
Yuji Nagata
64.6%
Hint
Answer
% Correct
20
Shinya Hashimoto
63.3%
2
Scott Norton
58.9%
5
Riki Choshu
57%
1
Bob Sapp
57%
0
Manabu Nakanishi
57%
3
Togi Makabe
55.1%
11
Kensuke Sasaki
48.7%
0
Genichiro Tenryu
46.8%
3
Kazuyuki Fujita
42.4%
1
Nobuhiko Takada
33.5%
0
Salman Hashimikov
33.5%
3
Yoshihiro Takayama
32.9%
1
Tadao Yasuda
29.7%
Quiz Playlist
Details
Report
Send in Message
Add To Playlist
More Info:
Name the wrestlers who successfully defended the IWGP Heavyweight Title during their reigns.
Classic:
Type in answers that appear in a list
Quiz Source
Last Updated: Feb 16, 2017
Quiz Scoreboard
CHALLENGE
Sign Up to Join the Scoreboard
Show All
Scores
Hide
Comments
May contain spoilers
Recently Published
Two Season TV Shows II
by 123Four
Television
10m
Image Sorting: Flags VI
by Barbecue
Geography
2m
Find the 'City' Movie
by crazypaving
Movies
60s
More to Explore
Quiz From the Vault
Featured Blog Post
14 Easter Pick-up Lines to Find Eggs With
hide this ad
You Might Also Like...
Tags
IWGP
IWGP Heavyweight
NJPW
Pro Wrestling
Wrestling
Wrestling Champions
Today's Top Quizzes in Sports
Browse Sports
hide this ad
Today's Top Quizzes in Wrestling Champions
Browse Wrestling Champions
Top Contributed Quizzes in Sports
1
Les meilleurs buteurs des matchs entre le PSG et l’OM
2
Les entraîneurs de l'OM et du PSG au 21e siècle
3
2022 World Cup Stars
4
Les joueurs passés par le PSG et l'OM
5
Players with Multiple 50 Home Run Seasons
6
FIFA Club World Cup Champions
7
Criteria MLB: Left Handed Sluggers
8
Les joueurs passés par le LOSC et le RC Lens
9
Top 10 NHL Goal Scorers of All Time
10
MLB Players with Two .350 Batting Average Seasons
Explore More
Trending Topics
Crossword
Disney
NBA
Harry Potter
Anime
Marvel
Kpop
NFL
Pokémon
The Office
WWE
Song
Puzzle
Country
Soccer
hide this ad
More By:
Kawada
Quiz
Plays
Rating
Category
Featured
Created
NJPW G1 Glimax Participants (1991-2012)
436
4.14
Sports
Jan 18, 2013
Most NJPW IWGP Title Matches
353
4.50
Sports
Jul 30, 2013
GHC, IWGP & Triple Crown Challengers
230
4.67
Sports
Jan 27, 2013
NJPW IWGP Heavyweight Title Challengers (1987-2012)
221
5.00
Sports
Jan 25, 2013
AJPW Triple Crown Challengers (1989-2012)
184
5.00
Sports
Jan 25, 2013
Go to Creator's Profile
Score Distribution
Quiz Creator Spotlight
Kawada
Follow
Send a Message
Quizzes Created
-
Created Quiz Play Count
-
More By This Creator
Popular Quizzes Today
1
Find the US States - No Outlines Minefield
2
Colored Red Africa Blitz
3
Find the 'City' Movie
4
5x2 Blitz: Bands
5
The Countries of the World
6
Find the Countries of Europe - No Outlines Minefield
7
Find the US States
8
US States
More Sports Quizzes
Dans quelle ville joue ce club ?
Quiz Lab
Trending Quizzes
Colored Red Europe Blitz I
Colored Red Africa Blitz II
Colored Red Europe Blitz II
Colored Red Africa Blitz III
Colored Red Europe Blitz III
Recently Updated
How Do You Spell That?
pecheneg
Godzilla Movies
pecheneg
Grab Bag: 4-10 Letters
pecheneg
2024 March Madness Bracket
pecheneg
Famous TV Couples
Peacemaker
Champions League XIs: Real Madrid
pecheneg
Largest US Cities 1790-2010
pecheneg
Rides in Walt Disney World
pecheneg
Most Oscar Losses (Acting)
pecheneg
Beyoncé Albums
pecheneg
Trending Topics
Crossword
NBA
Kpop
Anime
Disney
Harry Potter
Marvel
Puzzle
Song
NFL
Pokémon
The Office
Country
WWE
Soccer
Your Account Isn't Verified!
In order to create a playlist on Sporcle, you need to verify the email address you used during registration. Go to your
Sporcle Settings
to finish the process.
Report this User
Report this user for behavior that violates our
Community Guidelines
.
Details:
Send Report
Go to the Sporcle.com Mobile Site →
Comments